Masse atomique des 118 éléments - Statistiques

Statistiques générales
  • Ce quiz a été pris 39 fois
  • Le résultat moyen est 35 sur 118
Statistiques - réponses
Z X Nom Masse atomique % Correct
1 H Hydrogène 1
100%
2 He Hélium 4
88%
6 C Carbone 12
81%
8 O Oxygène 16
77%
3 Li Lithium 7
77%
4 Be Béryllium 9
77%
7 N Azote 14
73%
5 B Bore 11
69%
9 F Fluor 19
69%
11 Na Sodium 23
69%
10 Ne Néon 20
65%
12 Mg Magnésium 24
62%
13 Al Aluminium 27
62%
14 Si Silicium 28
58%
17 Cl Chlore 35
58%
15 P Phosphore 31
54%
16 S Soufre 32
54%
18 Ar Argon 40
54%
19 K Potassium 39
46%
20 Ca Calcium 40
46%
21 Sc Scandium 45
42%
22 Ti Titane 48
38%
29 Cu Cuivre 64
38%
23 V Vanadium 51
35%
24 Cr Chrome 52
35%
25 Mn Manganèse 55
35%
26 Fe Fer 56
35%
27 Co Cobalt 59
35%
28 Ni Nickel 59
35%
30 Zn Zinc 65
35%
31 Ga Gallium 70
35%
32 Ge Germanium 73
35%
33 As Arsenic 75
35%
34 Se Sélénium 79
35%
35 Br Brome 80
27%
36 Kr Krypton 84
27%
37 Rb Rubidium 85
27%
92 U Uranium 238
23%
38 Sr Strontium 88
23%
39 Y Yttrium 89
23%
40 Zr Zirconium 91
23%
41 Nb Niobium 93
23%
42 Mo Molybdène 96
23%
44 Ru Ruthénium 101
19%
45 Rh Rhodium 103
19%
46 Pd Palladium 106
19%
47 Ag Argent 108
19%
48 Cd Cadmium 112
19%
49 In Indium 115
19%
50 Sn Étain 119
19%
51 Sb Antimoine 122
19%
53 I Iode 127
19%
52 Te Tellure 128
19%
54 Xe Xénon 131
19%
55 Cs Césium 133
19%
56 Ba Baryum 137
19%
57 La Lanthane 139
19%
58 Ce Cérium 140
19%
59 Pr Praséodyme 141
19%
60 Nd Néodyme 144
19%
61 Pm Prométhium* 145*
19%
62 Sm Samarium 150
19%
63 Eu Europium 152
19%
64 Gd Gadolinium 157
19%
65 Tb Terbium 159
19%
66 Dy Dysprosium 163
19%
67 Ho Holmium 165
19%
68 Er Erbium 167
19%
69 Tm Thulium 169
19%
70 Yb Ytterbium 173
19%
71 Lu Lutécium 175
19%
72 Hf Hafnium 178
19%
73 Ta Tantale 181
19%
74 W Tungstène 184
19%
75 Re Rhénium 186
19%
76 Os Osmium 190
19%
77 Ir Iridium 192
19%
78 Pt Platine 195
19%
79 Au Or 197
19%
80 Hg Mercure 201
19%
81 Tl Thallium 204
19%
82 Pb Plomb 207
19%
83 Bi Bismuth 209
19%
84 Po Polonium* 209*
19%
85 At Astate* 210*
19%
86 Rn Radon* 222*
19%
87 Fr Francium* 223*
19%
88 Ra Radium* 226*
19%
89 Ac Actinium* 227*
19%
91 Pa Protactinium 231
19%
90 Th Thorium 232
19%
93 Np Neptunium* 237*
19%
95 Am Américium* 243*
19%
94 Pu Plutonium* 244*
19%
96 Cm Curium* 247*
19%
97 Bk Berkélium* 247*
19%
98 Cf Californium* 251*
19%
99 Es Einsteinium* 252*
19%
100 Fm Fermium* 257*
19%
101 Md Mendélévium* 258*
19%
102 No Nobélium* 259*
19%
103 Lr Lawrencium* 266*
19%
104 Rf Rutherfordium* 267*
19%
105 Db Dubnium* 268*
19%
106 Sg Seaborgium* 269*
19%
108 Hs Hassium* 269*
19%
107 Bh Bohrium* 270*
19%
109 Mt Meitnérium* 277*
19%
110 Ds Darmstadtium* 282*
19%
111 Rg Roentgenium* 282*
19%
113 Nh Nihonium* 286*
19%
114 Fl Flérovium* 290*
19%
115 Mc Moscovium* 290*
19%
116 Lv Livermorium* 293*
19%
117 Ts Tennesse* 294*
19%
118 Og Oganesson* 295*
19%
112 Cn Copernicium** 285* 286*
0%
43 Tc Technétium** 97* 98*
0%
Aucun quiz correspondant
Distribution des résultats
% des personnes avec chaque résultat
Percentile par nombre de réponses
Votre historique - résultats
Vous n’avez pas pris ce quiz